01013nam a2200277 a 450000100060000000300080000600500170001400800410003102000220007203500190009404000270011304100080014008200250014810000340017324500800020726000420028730000330032950400510036265000360041365000380044970000280048783000340051594200120054999900170056195201570057861017BD-RjUL20211209080919.0170114s2004 enka bd 001 0 eng  a1403915318 (pbk.) a(BD-RjUL)61141 aDLCcDLCdBD-RjULbeng aeng00a650.03223bSUK 20041 aSutherland, Jonathan.917691810aKey concepts in business practice /cJonathan Sutherland and Diane Canwell. aLondon :bPalgrave Macmillan,cc2004. aix, 294 p. :bill. ;c22 cm. aIncludes bibliographical references and index. 0aBusinessvDictionaries.9182044 0aManagementvDictionaries.91820451 aCanwell, Diane.9176920 aPalgrave key concepts9182048 2ddccBK c61017d61017 00102ddc40718NFICaRUCLbRUCLcReadingd2008-05-29eParagon Enterprizes, Dhakag12.99l0oR650.03 SUK 2004r2017-01-14 00:00:00tC-1w2021-12-09yBK